Statistics for 14 LEGO Color Families

Click here to take the quiz!

General Stats

  • This quiz has been taken 38 times
  • The average score is 12 of 14

Answer Stats

HintAnswer% Correct
black
100%
brown
100%
gray
100%
green
100%
orange
100%
red
100%
white
100%
yellow
100%
purple
97%
dark green
91%
blue
82%
gold
76%
silver
61%
lilac
12%

Score Distribution

Percentile by Number Answered

Percent of People with Each Score

Your Score History

You have not taken this quiz